00449nam a2200193Ia 4500008004100000020001800041050001400059100001600073245001500089245001900104260001500123260001600138260000900154300001500163300002700178300001000205440003200215500000800247170918s9999 xx 000 0 und d a9780439876445 bB344 2006 aBauer, Jeff aLightning! cby Jeff Bauer. aNew York : bScholastic, c2006 a16 pages : bcolored illustration ; c23cm. aScience vocabulary readers. a520